Biomedical application of form measurement and coordinate metrology

Merania ne-technických štruktúr, objektov pomocou počítačovej techniky. Vyhodnotenie dát a aplikácia. Mikrogeometria ako významný fenomén. Výsledky meraní sú základom pre zlepšenie a optimalizáciu práce v biomedicínskej technike a priľahlých oblastiach.

Saved in:
Bibliographic Details
Main Author: Horníková, Adriana
Other Authors: Durakbasa, Numan M., Osanna, Herbert P.
Format: Book Chapter
Language:English
Subjects:
Tags: Add Tag
No Tags, Be the first to tag this record!

MARC

LEADER 00000nla$a2200000$$$4500
001 0132553
005 20240502083325.4
041 0 |a eng 
044 |a IT 
245 1 0 |a Biomedical application of form measurement and coordinate metrology  |c Adriana Horníková, Numan M. Durakbasa, Herbert P. Osanna 
520 |a Merania ne-technických štruktúr, objektov pomocou počítačovej techniky. Vyhodnotenie dát a aplikácia. Mikrogeometria ako významný fenomén. Výsledky meraní sú základom pre zlepšenie a optimalizáciu práce v biomedicínskej technike a priľahlých oblastiach. 
610 2 0 |a metrológia 
610 2 0 |a meranie 
610 2 0 |a využitie počítačov 
610 2 0 |a medicína 
100 1 |a Horníková, Adriana 
700 1 |a Durakbasa, Numan M. 
700 1 |a Osanna, Herbert P.